| 000 | 01114cam a22003373a 4500 | ||
|---|---|---|---|
| 001 | 34332 | ||
| 003 | PGUSA | ||
| 005 | 20140828083736.0 | ||
| 008 | 101115s2010||||xxu|||||s|||||000 1 eng d | ||
| 040 |
_aPGUSA _beng |
||
| 042 | _adc | ||
| 050 | 4 | _aPR | |
| 100 | 1 |
_aScott, Walter, _d1771-1832 |
|
| 245 | 1 | 0 |
_aIvanhoe (2/4) : _bLe retour du croisé _h[electronic resource] / _cWalter Scott |
| 260 |
_bProject Gutenberg, _c2010 |
||
| 506 | _aPublic domain in the USA. | ||
| 516 | _aElectronic text | ||
| 653 | _aGreat Britain -- History -- Richard I, 1189-1199 -- Fiction | ||
| 653 | _aLove stories | ||
| 653 | _aJews -- England -- Fiction | ||
| 653 | _aHistorical fiction | ||
| 653 | _aAnglo-Saxons -- Fiction | ||
| 653 | _aKnights and knighthood -- Fiction | ||
| 653 | _aNormans -- Great Britain -- Fiction | ||
| 653 | _aIvanhoe, Wilfred of, Sir (Fictitious character) -- Fiction | ||
| 653 | _aTriangles (Interpersonal relations) -- Fiction | ||
| 700 | 1 |
_aMontémont, Albert, _d1788-1861 |
|
| 830 | 0 |
_aProject Gutenberg _v34332 |
|
| 856 | 4 | 0 | _uhttp://www.gutenberg.org/ebooks/34332 |
| 942 | _cEB | ||
| 999 |
_c263587 _d263587 |
||